Participant observation /

Bibliographic Details
Main Author: Spradley, James P.
Format: Book
Language:English
Published: New York : Holt, Rinehart and Winston, [1980]
Subjects:

MARC

Tag First Indicator Second Indicator Subfields
LEADER 00000cam a2200000 i 4500
001 in00000012454
005 20151007051830.0
008 790716s1980 nyua b 00110 eng
010 |a  79017917  
020 |a 0030445019 
035 |a (OCoLC)05239734 
035 |9 AAA5018AM 
040 |a DLC  |c DLC  |d m.c.  |d TXA  |d UtOrBLW 
049 |a TXAM  |c [A12638086] 
050 0 0 |a GN346.4  |b .S68 
082 0 |a 301.2/07/23 
100 1 |a Spradley, James P. 
245 1 0 |a Participant observation /  |c James P. Spradley. 
264 1 |a New York :  |b Holt, Rinehart and Winston,  |c [1980] 
264 4 |c ©1980 
300 |a xi, 195 pages :  |b illustrations ;  |c 24 cm. 
336 |a text  |b txt  |2 rdacontent 
337 |a unmediated  |b n  |2 rdamedia 
338 |a volume  |b nc  |2 rdacarrier 
504 |a Bibliography: pages 183-188. 
505 0 |a Ethnography and culture -- Ethnography for what? -- The ethnographic research cycle -- The developmental research sequence -- Locating a social situation -- Doing participant observation -- Making an ethnographic record -- Making descriptive observations -- Making a domain analysis -- Making focused observations -- Making a taxonomic analysis -- Making selected observations -- Making a componential analysis -- Discovering cultural themes -- Taking a cultural inventory -- Writing an ethnography. 
500 |a Includes index. 
650 0 |a Participant observation. 
999 |a MARS 
999 f f |s 26417a1f-7ff8-3fd0-b238-769c09d37e41  |i 41e39f7f-3261-3762-b215-f7a67f3d5c02  |t 0 
952 f f |p normal  |a Texas A&M University  |b College Station  |c Sterling C. Evans Library  |d Evans: Library Stacks  |t 0  |e GN346.4 .S68  |h Library of Congress classification  |i unmediated -- volume  |m A14812638086 
998 f f |a GN346.4 .S68  |t 0  |l Evans: Library Stacks